| 000 | 00449nam a2200181 a 4500 | ||
|---|---|---|---|
| 001 | 2378 | ||
| 005 | 20140414131911.0 | ||
| 008 | 050531s19uu xx 00 eng d | ||
| 020 | _a983-9556-59-2 | ||
| 050 |
_aER _bEl1 1999 |
||
| 245 | _aElves and the shoemaker (The). | ||
| 260 |
_aMalaysia : _bMecron, _c1999. |
||
| 300 | _ap. : ill. ; cm. | ||
| 440 | _aKey words | ||
| 650 | _aFairy tales. | ||
| 650 | _aChildren stories. | ||
| 999 |
_c111232 _d111232 |
||